000 00722nam a2200265 a 4500
001 40791
003 BD-RjUL
005 20211209053259.0
008 160510s1962 enk b 001 0 eng
020 _cL.1.95
035 _a(BD-RjUL)40906
035 _a834771
040 _aLC
_beng
_cBD-RjUL
_dVGT
041 _aeng
082 0 4 _a291
_223
_bPAC 1962
100 1 _aParrinder, Geoffrey
_d1910-
_9125523
245 1 0 _aComparative religion /
_c Geoffrey Parrinder.
250 _a2nd ed.
260 _aLondon :
_bSheldon Press,
_c1977.
300 _a3-130 p. ;
_c20 cm.
504 _aIncludes bibliographical references and index.
650 0 _aReligions.
_9125145
942 _2ddc
_cBK
_03
999 _c40791
_d40791